<?xml version="1.0" encoding="UTF-8"?>
<record
    xmlns:xsi="http://www.w3.org/2001/XMLSchema-instance"
    xsi:schemaLocation="http://www.loc.gov/MARC21/slim http://www.loc.gov/standards/marcxml/schema/MARC21slim.xsd"
    xmlns="http://www.loc.gov/MARC21/slim">

  <leader>01676nam a2200337 i 4500</leader>
  <controlfield tag="003">DO-SdBNP</controlfield>
  <controlfield tag="005">20240618095444.0</controlfield>
  <controlfield tag="006">a||||gr|||| 00| 0 </controlfield>
  <controlfield tag="007">ta</controlfield>
  <controlfield tag="008">240614e2023    dr aoc|| ||||o00| 0 spa d</controlfield>
  <datafield tag="020" ind1=" " ind2=" ">
    <subfield code="a">9789945623055</subfield>
  </datafield>
  <datafield tag="040" ind1=" " ind2=" ">
    <subfield code="a">DO-SdBNP</subfield>
    <subfield code="b">spa</subfield>
    <subfield code="c">BNPHU</subfield>
    <subfield code="e">rda</subfield>
  </datafield>
  <datafield tag="082" ind1=" " ind2="4">
    <subfield code="2">22</subfield>
    <subfield code="b">G216g 2023</subfield>
  </datafield>
  <datafield tag="100" ind1="1" ind2=" ">
    <subfield code="a">Garc&#xED;a G&#xF3;mez, Martha Victoria </subfield>
    <subfield code="e">autora</subfield>
    <subfield code="9">85682</subfield>
  </datafield>
  <datafield tag="245" ind1="1" ind2="0">
    <subfield code="a">Gu&#xED;a de protocolo institucional y normas sociales /</subfield>
    <subfield code="c">Martha Victoria Garc&#xED;a G&#xF3;mez, cuidado de la edici&#xF3;n y correcci&#xF3;n, Enrique Soldevilla Enr&#xED;quez.</subfield>
  </datafield>
  <datafield tag="250" ind1=" " ind2=" ">
    <subfield code="a">ampliada</subfield>
  </datafield>
  <datafield tag="264" ind1=" " ind2="1">
    <subfield code="a">Santo Domingo :</subfield>
    <subfield code="b">INESDYC,</subfield>
    <subfield code="c">2023</subfield>
  </datafield>
  <datafield tag="300" ind1=" " ind2=" ">
    <subfield code="a">222 p&#xE1;ginas :</subfield>
    <subfield code="b">ilustraciones, fotograf&#xED;as, retratos ;</subfield>
    <subfield code="c">27 cm.</subfield>
  </datafield>
  <datafield tag="336" ind1=" " ind2=" ">
    <subfield code="2">rdacontent</subfield>
    <subfield code="a">texto</subfield>
    <subfield code="b">txt</subfield>
  </datafield>
  <datafield tag="337" ind1=" " ind2=" ">
    <subfield code="2">rdamedia</subfield>
    <subfield code="a">sin mediaci&#xF3;n</subfield>
    <subfield code="b">n</subfield>
  </datafield>
  <datafield tag="338" ind1=" " ind2=" ">
    <subfield code="2">rdacarrier</subfield>
    <subfield code="a">volumen</subfield>
    <subfield code="b">nc</subfield>
  </datafield>
  <datafield tag="500" ind1=" " ind2=" ">
    <subfield code="a">Incluye bibliograf&#xED;as y notas al pie de p&#xE1;ginas.</subfield>
  </datafield>
  <datafield tag="504" ind1=" " ind2=" ">
    <subfield code="a">Bibliograf&#xED;a: p&#xE1;ginas 219 - 220.</subfield>
  </datafield>
  <datafield tag="505" ind1=" " ind2=" ">
    <subfield code="a">Notas preliminares.-- Introducci&#xF3;n.</subfield>
    <subfield code="t">Cap&#xED;tulo I. Protocolo en la Oficina.-- </subfield>
    <subfield code="t">Cap&#xED;tulo II. La Correspondencia.-- </subfield>
    <subfield code="t">Cap&#xED;tulo III. Las Tarjetas.--</subfield>
    <subfield code="t">Cap&#xED;tulo IV. Protocolo en las Actividades Socioculturales.--</subfield>
    <subfield code="t">Cap&#xED;tulo V. Organizaci&#xF3;n de Eventos--</subfield>
    <subfield code="t">Cap&#xED;tulo VI. Las Mesa, Centro de la Relaci&#xF3;n Social.--</subfield>
    <subfield code="t">Cap&#xED;tulo VII. Las Bebidas.--</subfield>
    <subfield code="t">Bibliograf&#xED;a.--</subfield>
    <subfield code="t">Anexos.</subfield>
  </datafield>
  <datafield tag="590" ind1=" " ind2=" ">
    <subfield code="a">Inventariado 2024 / MF</subfield>
  </datafield>
  <datafield tag="650" ind1=" " ind2="4">
    <subfield code="a">Etiqueta Diplom&#xE1;tica</subfield>
    <subfield code="x">Gu&#xED;a</subfield>
    <subfield code="z">Rep&#xFA;blica Dominicana</subfield>
    <subfield code="9">11719</subfield>
  </datafield>
  <datafield tag="650" ind1=" " ind2="4">
    <subfield code="a">Etiqueta en la Mesa</subfield>
    <subfield code="x">Gu&#xED;a</subfield>
    <subfield code="9">18976</subfield>
  </datafield>
  <datafield tag="700" ind1="1" ind2=" ">
    <subfield code="a">Soldevilla Enr&#xED;quez, Enrique,</subfield>
    <subfield code="9">83038</subfield>
    <subfield code="e">editor</subfield>
  </datafield>
  <datafield tag="710" ind1="1" ind2=" ">
    <subfield code="a">Instituto de Educaci&#xF3;n Superior en Formaci&#xF3;n Diplom&#xE1;tica y Consular (INESDYC)</subfield>
    <subfield code="9">84530</subfield>
  </datafield>
  <datafield tag="942" ind1=" " ind2=" ">
    <subfield code="2">ddc</subfield>
    <subfield code="c">LBS1</subfield>
  </datafield>
  <datafield tag="952" ind1=" " ind2=" ">
    <subfield code="0">0</subfield>
    <subfield code="1">0</subfield>
    <subfield code="2">ddc</subfield>
    <subfield code="5">1</subfield>
    <subfield code="7">0</subfield>
    <subfield code="8">PD</subfield>
    <subfield code="a">BNPHU</subfield>
    <subfield code="b">BNPHU</subfield>
    <subfield code="c">CT</subfield>
    <subfield code="d">2024-02-12</subfield>
    <subfield code="e">Dep&#xF3;sito Legal / INESDYC</subfield>
    <subfield code="l">0</subfield>
    <subfield code="o">G216g 2023</subfield>
    <subfield code="p">2024-3515</subfield>
    <subfield code="r">2024-06-14</subfield>
    <subfield code="w">2024-06-14</subfield>
    <subfield code="y">LBS1</subfield>
  </datafield>
  <datafield tag="952" ind1=" " ind2=" ">
    <subfield code="0">0</subfield>
    <subfield code="1">0</subfield>
    <subfield code="2">ddc</subfield>
    <subfield code="5">1</subfield>
    <subfield code="7">0</subfield>
    <subfield code="8">PD</subfield>
    <subfield code="a">BNPHU</subfield>
    <subfield code="b">BNPHU</subfield>
    <subfield code="c">CT</subfield>
    <subfield code="d">2024-02-12</subfield>
    <subfield code="e">Dep&#xF3;sito Legal / INESDYC</subfield>
    <subfield code="l">0</subfield>
    <subfield code="o">G216g 2023</subfield>
    <subfield code="p">2024-3516</subfield>
    <subfield code="r">2024-06-14</subfield>
    <subfield code="t">e.2</subfield>
    <subfield code="w">2024-06-14</subfield>
    <subfield code="y">LBS1</subfield>
  </datafield>
  <datafield tag="952" ind1=" " ind2=" ">
    <subfield code="0">0</subfield>
    <subfield code="1">0</subfield>
    <subfield code="2">ddc</subfield>
    <subfield code="5">6</subfield>
    <subfield code="7">0</subfield>
    <subfield code="8">DS</subfield>
    <subfield code="a">BNPHU</subfield>
    <subfield code="b">BNPHU</subfield>
    <subfield code="c">CT</subfield>
    <subfield code="d">2024-02-12</subfield>
    <subfield code="e">Dep&#xF3;sito Legal / INESDYC</subfield>
    <subfield code="l">0</subfield>
    <subfield code="o">G216g 2023</subfield>
    <subfield code="p">2024-3517</subfield>
    <subfield code="r">2024-06-14</subfield>
    <subfield code="t">e.3</subfield>
    <subfield code="w">2024-06-14</subfield>
    <subfield code="y">LBS1</subfield>
  </datafield>
  <datafield tag="999" ind1=" " ind2=" ">
    <subfield code="c">56863</subfield>
    <subfield code="d">56863</subfield>
  </datafield>
</record>
